01454nam a2200313 a 4500001001200000003000800012006001900020007001500039008004100054020001800095020002700113040002100140035002100161050002400182245014200206260004000348300002200388440004600410504005100456505021300507533015200720650002900872650003000901655002900931700002000960710001700980856012600997999001701123ebr10650056CaPaEBRm u cr cn|||||||||130208s2008 enka sb 001 0 eng d z9781906093037 z9781907643361 (e-book) aCaPaEBRcCaPaEBR a(OCoLC)82874313814aHC79.E5bP47 2008eb00aPerspectives on radical changes to sustainable consumption and productionh[electronic resource] /cedited by Arnold Tukker ... [et al.]. aSheffield :bGreenleaf Pub.,c2008. ax, 470 p. :bill. 0aSystem innovation for sustainability ;v1 aIncludes bibliographical references and index.0 apt. 1. The context of this book -- pt. 2. Business perspective -- pt. 3. Design perspective -- pt. 4. Consumer perspective -- pt. 5. System innovation policy perspective -- pt. 6. Conclusions and integration. aElectronic reproduction.bPalo Alto, Calif. :cebrary,d2013.nAvailable via World Wide Web.nAccess may be limited to ebrary affiliated libraries. 0aSustainable development. 0aAgricultural innovations. 7aElectronic books.2local1 aTukker, Arnold.2 aebrary, Inc.40uhttp://site.ebrary.com/lib/rucke/Doc?id=10650056zAn electronic book accessible through the World Wide Web; click to view c74653d74653